Využitie e-learningu v systémoch manažérstva životného prostredia

Gespeichert in:
Bibliographische Detailangaben
1. Verfasser: Brokeš, Peter
Weitere Verfasser: Kollár, Vojtech
Format: Buchkapitel
Sprache:Slowakisch
Tags: Tag hinzufügen
Keine Tags, Fügen Sie das erste Tag hinzu!

MARC

LEADER 00000nla a2200000 4500
001 0157730
005 20240502083350.9
041 0 |a slo 
044 |a CZ 
245 1 0 |a Využitie e-learningu v systémoch manažérstva životného prostredia  |c Peter Brokeš, Vojtech Kollár 
100 1 |a Brokeš, Peter 
700 1 |a Kollár, Vojtech